[Event "VIE-ch U09"]
[Site "Ho Chi Minh City"]
[Date "2014.07.18"]
[Round "9"]
[White "Tran, Ngoc Thuan"]
[Black "Le, Dang Thanh An"]
[Result "1-0"]
[WhiteElo "1457"]
[BlackElo "1539"]
[PlyCount "55"]
[EventDate "2014.07.13"]
[EventType "swiss"]
[EventRounds "9"]
[EventCountry "VIE"]
[SourceTitle "EXT 2016"]
[Source "ChessBase"]
[SourceDate "2015.10.08"]
[SourceVersion "1"]
[SourceVersionDate "2015.10.08"]
[SourceQuality "1"]

1. e4 e5 2. Qh5 d6 3. Bc4 g6 4. Qf3 Qf6 5. Qxf6 Nxf6 6. Nc3 c6 7. d3 b5 8. Bb3 a5 9. a4 b4 10. Nce2 Bb7 11. Nf3 Bg7 12. 0-0 h5 13. Ng5 Rf8 14. f4 Nbd7 15. fxe5 dxe5 16. d4 exd4 17. Nxd4 c5 18. Nb5 Rc8 19. Nd6+ Kd8 20. Nxc8 Kxc8 21. Be3 Nxe4 22. Nxe4 Bxe4 23. Rxf7 Rxf7 24. Bxf7 Bxb2 25. Rd1 Bxc2 26. Rd2 Be4 27. Rxb2 c4 28. Bxc4 1-0

[Event "VIE-ch U09"]
[Site "Ho Chi Minh City"]
[Date "2014.07.13"]
[Round "2"]
[White "Nguyen, Huu Khang"]
[Black "Tran, Ngoc Thuan"]
[Result "0-1"]
[WhiteElo "1502"]
[BlackElo "1457"]
[PlyCount "100"]
[EventDate "2014.07.13"]
[EventType "swiss"]
[EventRounds "9"]
[EventCountry "VIE"]
[SourceTitle "EXT 2016"]
[Source "ChessBase"]
[SourceDate "2015.10.08"]
[SourceVersion "1"]
[SourceVersionDate "2015.10.08"]
[SourceQuality "1"]

1. e3 e5 2. d3 Nf6 3. Nf3 d6 4. Nc3 g6 5. g3 Bg7 6. Bd2 b6 7. Qe2 0-0 8. Bg2 Bb7 9. e4 Re8 10. 0-0-0 d5 11. a3 dxe4 12. dxe4 Nc6 13. Be3 Qe7 14. Nd2 Nd4 15. Qc4 b5 16. Nxb5 Nxb5 17. Qxb5 c6 18. Qc4 Reb8 19. Bc5 Qc7 20. Nb3 Qc8 21. Qc3 Ba6 22. Bd6 Rb5 23. Bxe5 Nxe4 24. Bxe4 Rxe5 25. Qxc6 Rxe4 26. Qxe4 Bb7 27. Qd3 Bxh1 28. Rxh1 Qb7 29. Rg1 a5 30. Re1 a4 31. Nd4 Rd8 32. c3 Qc8 33. Kb1 Qh3 34. Qc4 Qxh2 35. Qc7 Rf8 36. Re7 Bf6 37. Rd7 Qxf2 38. Rxf7 Rxf7 39. Qc8+ Rf8 40. Qc4+ Kh8 41. Qxa4 Bxd4 42. Qxd4+ Qxd4 43. cxd4 Rd8 44. Kc2 Rxd4 45. Kc3 Rd8 46. b4 Kg7 47. Kc4 Rb8 48. Kc5 Ra8 49. Kc6 Rxa3 50. b5 Rxg3 0-1